| 000 | 00853cab a2200277 4500 | ||
|---|---|---|---|
| 001 | WB3143-22 | ||
| 008 | 090401t1995 xxu||||| |||| 00| 0 eng d | ||
| 035 | _a(Sirsi) u28686 | ||
| 041 | _aeng | ||
| 245 | _aSqueeze on green benefits | ||
| 260 | _c1995 | ||
| 350 | _a0 | ||
| 490 |
_aUtility Week _v3(18) 10 November 1995, 8(2) |
||
| 520 | _aRecs` power purchase contracts are to be examined by OFFER following criticisms that savings are not being passed on. Also the next round of the NFFO has been announced. | ||
| 650 | _aASSOCIATION OF ELECTRICITY PRODUCERS | ||
| 650 | _aELECTRICITY | ||
| 650 | _aNFFO | ||
| 650 | _aNON-FOSSIL FUEL OBLIGATION | ||
| 650 | _aOFFER | ||
| 650 | _aPOWER | ||
| 650 | _aRECS | ||
| 650 | _aRENEWABLE ENERGY | ||
| 690 | _aENVIRONMENTAL AND LAND CONSULTANCY-ENERGY | ||
| 942 | _n0 | ||
| 948 | _c04/03/1997 | ||
| 999 |
_c19288 _d19288 |
||